000 00534nam a22001817a 4500
999 _c165408
_d165408
005 20190617161438.0
010 _aB-125635
020 _a9789353240684
_c250.00
035 _aEN-109167
037 _bDBAD/PUB
082 _a480
100 _aSingh, Jagram
245 _aNew Flow of General English/
_cby Jagram Singh
260 _aDelhi
_bKalpaz Publication
_c2018
270 _aC-30, Satyawati Nagar
_bDelhi
_e110052
_k9212142040
_mkalpaz@hotmail.com
300 _a380p.
_c22cm(pbk)
942 _2ddc
_cEN
_h480
_mSIN